01709nam a2200205Ia 4500003000400000005001700004008004100021020001800062040002100080041000800101082001500109100003600124245007500160260004600235300002900281500006600310500004300376520106200419650002201481OSt20250414121159.0191128t2016 us er 000 f spa d a9781630650490 aCO-JMCRcCO-JMCR0 aspa04aA-NbENCi 1 aEnciso, Wilson Rogelio, eautor13aLa iluminada muerte de Marco Aurelio Mancipe / cWilson Rogelio Enciso a[Gahanna] : bPukiyari Editores, c©2016 a264 páginas ; c20 cm. aFinalista IV concurso internacional de novela Contacto Latino aIncluye datos biográficos del autor. aEl abogado Villarte y el curandero Guarerá fraguan una estrategia para apoderarse del patrimonio del iletrado gamonal Marco Aurelio Mancipe cuando éste, afectado por una sensación de muerte, acude al despacho del jurisconsulto para hacer su testamento. Además de hacerle consumir unos pútridos brebajes, envían a su pueblo a los temibles "Servidores de la Iglesia de Dios", quienes, basándose en la fe y en augurios subcontinentales, no solo hacen que el pueblo acuda al "Templo de Asistencia Espiritual Gratuita" en donde se les alela, sino que tejen una filigrana de rumores sociales que genera anodinos e interminables conflictos. También narra las historias de los cinco hijos de Marco Aurelio, procreados bajo "contrato" con su díscola esposa, así como inverosímiles situaciones vernáculas del país, como la inoculación de enfermedades masivas, con la concatenada aparición de adictivos brebajes sanadores fabricados por el curandero y sus hijos, originándose una supra rentable multinacional farmacéutica alternativa.14aNovela colombiana